LIBRARY & INFORMATION CENTRE, KCAET, TAVANUR

ONLINE PUBLIC ACCESS CATALOGUE (OPAC)

Farm irrigation and water management / (Record no. 8772)

MARC details
000 -LEADER
fixed length control field 00401cam a2200157ua 4500
041 ## - LANGUAGE CODE
Language code of text/sound track or separate title eng
082 ## - DEWEY DECIMAL CLASSIFICATION NUMBER
Classification number 631.587
Item number BAI/FA
100 ## - MAIN ENTRY--AUTHOR NAME
Personal name Baidya, Hutaram .
245 ## - TITLE STATEMENT
Title Farm irrigation and water management /
250 ## - EDITION STATEMENT
Edition statement 1 /
260 ## - PUBLICATION, DISTRIBUTION, ETC. (IMPRINT)
Place of publication Nepal :
Name of publisher Royal Nepal academy ,
Year of publication 1968.
300 ## - PHYSICAL DESCRIPTION
Number of Pages 236 ; .
942 ## - ADDED ENTRY ELEMENTS (KOHA)
Koha item type Books
Holdings
Withdrawn status Lost status Damaged status Home library Current library Date acquired Full call number Accession Number Koha item type
      KAUAET KAUAET 07/04/2012 631.587 17778 Books
free website counter